000 00516nam a22001577a 4500
003 OSt
008 260629b |||||||| |||| 00| 0 eng d
020 _a9789353870201
082 _a631.41
_bK96S
245 _aSoil Testing and Analysis / by S.R. Vinod Kumar...[ et al.]
260 _aDelhi :
_bSatish Serial Publishing House,
_c2021.
300 _avii, 338 p.
650 _aAgriculture and related technologies | Technology (Applied sciences) | Soil Chemistry
700 _aKumar, S.R. Vinod
942 _2ddc
_cBK
999 _c52437
_d52437